Emeli Sandé Discography - Statistics

General Stats
  • This quiz has been taken 5 times
    3 since last reset
  • The average score is 3 of 7
Answer Stats
Year Name Type % Correct
2017 Kingdom Coming EP
67%
2016 Long Live the Angels Album
67%
2012 Our Version of Events Album
67%
2013 iTunes Session EP
33%
2013 Live at the Royal Albert Hall Live Album
33%
2019 Real Life Album
33%
2019 My Version of Events EP
0%
No matching quizzes found
Score Distribution
Percent of People with Each Score
Percentile by Number Answered
Your Score History
You have not taken this quiz since the last reset